02625cam a2200361 i 45000010009000000050017000090080041000260100017000670200030000840200031001140200026001450200025001710400023001960420008002190430012002270500022002390820018002611000031002792450227003102500023005372640076005603000029006363360026006653370028006913380027007194900021007465040067007675050653008345200549014876500024020366550027020607760176020872293964520250312122055.0230125s2024 enk b 001 0 eng  a 2023003301 a9781350355194q(hardback) a9781350355187q(paperback) z9781350355217q(epub) z9781350355200q(pdf) aDLCbengerdacDLC apcc ae-uk-en00aKD1554b.M39 202300a346.4202bMCK1 aMcKendrick, Ewan,eauthor.10aContract law /cEwan McKendrick QC (Hon), Professor of Anglo-American Private Law in the University of Leiden, Emeritus Professor of English Private Law in the University of Oxford, Emeritus Fellow of Lady Margaret Hall . aFifteenth edition. 1aOxford ;aNew York :bHart Publishing Bloomsbury Publishing Plc,c2023. axlii, 487 pages ;c25 cm atextbtxt2rdacontent aunmediatedbn2rdamedia avolumebnc2rdacarrier0 aHart law masters aIncludes bibliographical references (pages 476-482) and index.0 aAgreement : clearing the ground -- Offer and acceptance -- Certainty and agreement mistakes -- Consideration and form -- Intention to create legal relations --Third part rights -- What is a term? -- The sources of contractual terms -- The classification of contractual terms -- Exclusion clauses -- A duty to disclose material facts? -- Misrepresentation --Common mistake and frustration -- Illegality -- Capacity -- Duress, undue influence, and inequality of bargaining power -- Unfair terms in consumer contracts -- Performance and discharge of the contract -- Breach of contract -- Damages for breach of contract -- Obtaining an adequate remedy. a"Contract Law is a bestselling core textbook written by the leading expert in the field. Its comprehensive coverage and incisive analysis gives students the edge in coursework and exams. Unrivalled for its clarity of explanation, it expertly inks contractual judicial legal theory, practice to practical contractual issues to provide students with a deep understand of contract law. Fully updated with the latest developments in the law, it makes an idea core text for students at undergraduate and postgraduate level"--cProvided by publisher. 0aContractszEngland. 7aCasebooks (Law)2lcgft08iOnline version:aMcKendrick, Ewan.tContract lawbFifteenth Edition.dOxford ; New York : Hart Publishing Bloomsbury Publishing Plc, 2024z9781350355217w(DLC) 2023003302